| 000 | 00743nam a2200265Ia 4500 | ||
|---|---|---|---|
| 008 | 160803s9999 xx 000 0 und d | ||
| 020 | _a0439390109 (paperback) | ||
| 100 | _aThomas, Shelley Moore | ||
| 245 | _aGood night, Good Knight / | ||
| 245 | _cby Shelley Moore Thomas ; pictures by Jennifer Plecas. | ||
| 260 | _aNew York : | ||
| 260 | _bScholastic Inc. | ||
| 260 | _c2000 | ||
| 300 | _a47 pages : | ||
| 300 | _bcolor illustrations ; | ||
| 300 | _c21 cm | ||
| 500 | _aOriginally published: New York : Dutton Children's Books, 2000. | ||
| 650 | _aBedtime -- | ||
| 650 | _aDragons -- | ||
| 650 | _aKnights and knighthood -- | ||
| 650 | _xFiction. | ||
| 650 | _xFiction. | ||
| 650 | _xFiction. | ||
| 700 | _aBR | ||
| 999 |
_c299436 _d299436 |
||